000 00429nam a2200133Ia 4500
008 100328s9999 xx 000 0 und d
082 _b27720
100 _aदेशपांडे शिरीष गोपाळ
245 _aशोध प्रतिशोध
260 _bसाहित्यसेवा
630 _aशोध प्रतिशोध
730 _aशोध प्रतिशोध
942 _cBOOK
999 _c519462
_d519459